00573nam a2200169Ia 4500008004100000020001800041041000800059082001700067100003500084245004300119250000600162260003900168300001700207650003400224999001900258952012600277210716s2010 xx 000 0 und d a9788131723586 aeng a332.644 HULJ aHull, John C;Basu, Sankarshan. aOptions futures and other derivatives. a5 aNew DelhibPearson Educationc2010 axxi,744/2005 aDerivatives & Risk Management c199194d199194 001040708MBAaAIMITbAIMITd2005-08-04g295.00l0o332.644 HULJpMBA01759r2026-05-23 00:00:00v236.00w2021-07-16yBK